Le Lot-et-Garonne en images - Statistiques

Statistiques générales
  • Ce quiz a été pris 123 fois
  • Le résultat moyen est 8 sur 18
Statistiques - réponses
Par images Hint Réponse % Correct
Préfecture Agen
99%
Spécialité Pruneaux
98%
Chanteur Francis Cabrel
85%
Sous-préfecture Villeneuve-sur-Lot
77%
Lieu touristique {Pont-canal} d'Agen
69%
Parc d'attraction Walygator Sud-Ouest
63%
Monument Château de {Bonaguil}
45%
Humoriste et acteur Bernard Campan
37%
Village médiéval Monflanquin
30%
Village médiéval Pujols
30%
Village médiéval Penne-d'Agenais
28%
Monument Théâtre {Ducourneau}
20%
Village médiéval Villeréal
20%
Président Armand Fallières
19%
Basilique Notre-Dame de {Peyragude}
16%
Spécialité Tourtière
16%
Pépinière Domaine {Latour-Marliac}
3%
Monument Château de {Poudenas}
2%
Aucun quiz correspondant
Distribution des résultats
% des personnes avec chaque résultat
Percentile par nombre de réponses
Votre historique - résultats
Vous n’avez pas pris ce quiz